Normal view MARC view

Entry Nombre personal

Number of records used in: 1

001 - NÚMERO DE CONTROL

  • campo de control: 236565

003 - IDENTIFICADOR DE NÚMERO DE CONTROL

  • campo de control: SpMaBN

005 - FECHA Y HORA DE LA ÚLTIMA TRANSACCIÓN

  • campo de control: 20250902225405.0

008 - ELEMENTOS DE DATO DE LONGITUD-FIJA

  • campo de control de longitud fija: 200220n| azznnaabn |n aac d

040 ## - FUENTE DE CATALOGACIÓN

  • Centro catalogador/agencia de origen: SpMaBN
  • Lengua de catalogación: spa
  • Centro/agencia transcriptor: SpMaBN
  • Normas de descripción: rdc
  • Convención/Normas de encabezamiento de materia/tesauro: embne

100 1# - ENCABEZAMIENTO-NOMBRE DE PERSONA

  • Nombre de persona: Gorjón, Lucía

375 ## - GÉNERO/SEXO

  • Género: Femenino

400 1# - TRAZADO DE VÉASE--NOMBRE DE PERSONA

  • Nombre de persona: Gorjón García, Lucía

670 ## - FUENTE DE DATOS ENCONTRADOS

  • Cita de la fuente: Estudio comparado sobre la situación de la población gitana en España en relación al empleo y la pobreza 2018, 2019
  • Información encontrada: portada (elaborado por Fundación ISEAK, equipo, Sara de la Rica, Lucía Gorjón, Luis Miller y Paloma Úbeda)